NFL First-Team All Pro Tight Ends - Statistics

General Stats
  • This quiz has been taken 493 times
    280 since last reset
  • The average score is 33 of 55
Answer Stats
Year Team Tight End % Correct
2022 Chiefs Travis Kelce
100%
2020 Chiefs Travis Kelce
100%
2018 Chiefs Travis Kelce
100%
2016 Chiefs Travis Kelce
100%
2017 Patriots Rob Gronkowski
99%
2015 Patriots Rob Gronkowski
99%
2014 Patriots Rob Gronkowski
99%
2011 Patriots Rob Gronkowski
99%
2023 49ers George Kittle
98%
2019 48ers George Kittle
98%
2021 Ravens Mark Andrews
95%
2012 Falcons Tony Gonzalez
94%
2008 Chiefs Tony Gonzalez
94%
2003 Chiefs Tony Gonzalez
94%
2001 Chiefs Tony Gonzalez
94%
2000 Chiefs Tony Gonzalez
94%
1999 Chiefs Tony Gonzalez
94%
2024 Raiders Brock Bowers
91%
2006 Chargers Antonio Gates
90%
2005 Chargers Antonio Gates
90%
2004 Chargers Antonio Gates
90%
2010 Cowboys Jason Witten
85%
2007 Cowboys Jason Witten
85%
1998 Broncos Shannon Sharpe
82%
1997 Broncos Shannon Sharpe
82%
1996 Broncos Shannon Sharpe
82%
1993 Broncos Shannon Sharpe
82%
2013 Saints Jimmy Graham
80%
2009 Colts Dallas Clark
56%
1982 Chargers Kellen Winslow
52%
1981 Chargers Kellen Winslow
52%
1980 Chargers Kellen Winslow
52%
2002 Giants Jeremy Shockey
51%
1984 Browns Ozzie Newsome
33%
1979 Raiders Dave Casper
29%
1978 Raiders Dave Casper
29%
1977 Raiders Dave Casper
29%
1976 Raiders Dave Casper
29%
1995 Patriots Ben Coates
26%
1994 Patriots Ben Coates
26%
1990 Eagles Keith Jackson
23%
1989 Eagles Keith Jackson
23%
1988 Eagles Keith Jackson
23%
1987 Giants Mark Bavaro
21%
1986 Giants Mark Bavaro
21%
1992 Cowboys Jay Novacek
16%
1985 Raiders Todd Christensen
16%
1983 Raiders Todd Christensen
16%
1971 Lions Charlie Sanders
14%
1970 Lions Charlie Sanders
14%
1973 Eagles Charlie Young
6%
1991 Patriots Marv Cook
6%
1975 Broncos Riley Odoms
6%
1974 Broncos Riley Odoms
6%
1972 49ers Ted Kwalick
4%
No matching quizzes found
Score Distribution
Percent of People with Each Score
Percentile by Number Answered
Your Score History
You have not taken this quiz since the last reset